[Event "Krakow op-B"]
[Site "Krakow"]
[Date "2004.01.02"]
[Round "7"]
[White "Woniak, Katarzyna"]
[Black "Fatykhov, Shamil"]
[Result "1-0"]
[WhiteElo "1960"]
[BlackElo "2070"]
[PlyCount "111"]
[EventDate "2003.12.27"]
[EventType "swiss"]
[EventRounds "9"]
[EventCountry "POL"]
[SourceTitle "EXT 2006"]
[Source "ChessBase"]
[SourceDate "2005.11.24"]
[SourceVersion "1"]
[SourceVersionDate "2005.11.24"]
[SourceQuality "1"]

1. d4 d5 2. c4 c6 3. Nc3 g6 4. cxd5 cxd5 5. Nf3 Bg7 6. Bf4 Nf6 7. h3 0-0 8. e3 a6 9. Bd3 Nc6 10. 0-0 b5 11. Rc1 Bb7 12. Qe2 Qa5 13. Nd2 Rfe8 14. Nb3 Qb6 15. a4 e5 16. axb5 exf4 17. Na4 Qc7 18. bxc6 Bc8 19. Qf3 Bh6 20. Rfe1 Re6 21. Nbc5 Rxc6 22. Nc3 fxe3 23. fxe3 Qd6 24. Rf1 Ra7 25. b4 Bg5 26. b5 Rxc5 27. dxc5 Qxc5 28. Nxd5 Qxd5 29. Rxc8+ Kg7 30. Qxd5 Bxe3+ 31. Kh1 Nxd5 32. bxa6 Nb4 33. Bc4 Nxa6 34. Ra1 Nb4 35. Rxa7 Bxa7 36. Bxf7 Bf2 37. Bc4 Nc2 38. Rc7+ Kh8 39. Rc8+ Kg7 40. Rc7+ Kh8 41. Kh2 Nd4 42. g3 Nf5 43. Rc8+ Kg7 44. g4 Ne7 45. Rc7 Bh4 46. Kg2 h6 47. Kf3 Bf6 48. Ke4 Kf8 49. Rb7 Kg7 50. Rc7 Kf8 51. Rb7 Kg7 52. Bb3 Kf8 53. Ba2 Kg7 54. Kf3 h5 55. Kf4 hxg4 56. hxg4 1-0